000 00747nam a22002537a 4500
005 20141218145743.0
008 141218b xxu||||| |||| 00| 0 eng d
020 _a0029751608
040 _aLoreto College
041 _aEnglish
082 _a370.9
_bPER
245 _aBertrand Russell, A.S. Neill, Homer Lane, W.H. Kilpatrick
_bFour progressive educators
_cEdited by Leslie R.Perry
260 _aLondon
_bCollier-Macmillan
_c1967
300 _a172p.
_b21cm.
440 _aEducational Thinkers Series
650 _aEducation
700 _4Auth
_aRussell, Bertrand
700 _4Auth
_aNeill, A.S.
700 _4Auth
_aLane, Homer
700 _4Auth
_aKilpatrick, W.H.
700 _4ed.
_aPerry, Leslie R.
850 _aLCLIB
942 _cBK
999 _c39732
_d90211